Vannerie du Monde (Record no. 9660)
[ view plain ]
| 000 -CABECERA | |
|---|---|
| campo de control de longitud fija | 00864nam a2200253 a 4500 |
| 001 - NÚMERO DE CONTROL | |
| campo de control | BRL_848 |
| 005 - FECHA Y HORA DE LA ÚLTIMA TRANSACCIÓN | |
| campo de control | 20190320210925.0 |
| 008 - DATOS DE LONGITUD FIJA--INFORMACIÓN GENERAL | |
| campo de control de longitud fija | 181013s1980----fr-a#####c---#000-0#fre-# |
| 020 ## - NÚMERO INTERNACIONAL ESTÁNDAR DEL LIBRO | |
| Número Internacional Estándar del Libro | 2249276012 |
| 041 ## - CÓDIGO DE LENGUA | |
| Código de lengua del texto/banda sonora o título independiente | freeng |
| 044 ## - CÓDIGO DEL PAÍS DE LA ENTIDAD EDITORA/PRODUCTORA | |
| Código MARC del país | fr |
| 050 #4 - SIGNATURA TOPOGRÁFICA DE LA BIBLIOTECA DEL CONGRESO | |
| Número de clasificación | NK3649.5 |
| Número de documento/Ítem | .V36 1980 |
| 245 10 - MENCIÓN DE TÍTULO | |
| Título | Vannerie du Monde |
| Mención de responsabilidad, etc. | une exposition organisée par la Féderation pour le Développement de l´Artisanat Utilitaire des produits d´Afrique, Amérique Latine et Asie (Fedeau) |
| 260 ## - PUBLICACIÓN, DISTRIBUCIÓN, ETC. | |
| Lugar de publicación, distribución, etc. | France |
| Nombre del editor, distribuidor, etc. | DESSAIN ET TOLRA : FEDEAU |
| Fecha de publicación, distribución, etc. | 1980 |
| 300 ## - DESCRIPCIÓN FÍSICA | |
| Extensión | [35] p. |
| Otras características físicas | il. |
| Dimensiones | 28 p. |
| 500 ## - NOTA GENERAL | |
| Nota general | Au976 |
| 500 ## - NOTA GENERAL | |
| Nota general | Texto en: francés e inglés |
| 650 14 - PUNTO DE ACCESO ADICIONAL DE MATERIA--TÉRMINO DE MATERIA | |
| Término de materia o nombre geográfico como elemento de entrada | Cestería |
| Subdivisión de forma | Exposiciones |
| 9 (RLIN) | 25123 |
| 650 14 - PUNTO DE ACCESO ADICIONAL DE MATERIA--TÉRMINO DE MATERIA | |
| Término de materia o nombre geográfico como elemento de entrada | Artesanias |
| Subdivisión de forma | Exposiciones |
| 9 (RLIN) | 25124 |
| 710 2# - PUNTO DE ACCESO ADICIONAL--NOMBRE DE ENTIDAD CORPORATIVA | |
| Nombre de entidad corporativa o nombre de jurisdicción como elemento de entrada | Federation for the Development of Utilitarian Handcrafts |
| 9 (RLIN) | 25125 |
| 740 0# - PUNTO DE ACCESO ADICIONAL--TÍTULO RELACIONADO O ANALÍTICO NO CONTROLADO | |
| Título relacionado o analítico no controlado | Basketry of the world |
| 902 ## - CATALOGADOR | |
| Iniciales | GRL |
| 942 ## - ELEMENTOS DE PUNTO DE ACCESO ADICIONAL (KOHA) | |
| Fuente del sistema de clasificación o colocación | Library of Congress Classification |
| Tipo de ítem Koha | Libros |
| Estado de retiro | Estado de pérdida | Estado dañado | No para préstamo | Localización permanente | Ubicación/localización actual | Fecha de adquisición | Número de inventario | Total de préstamos | Signatura topográfica completa | Código de barras | Fecha visto por última vez | Precio válido a partir de | Tipo de ítem Koha |
|---|---|---|---|---|---|---|---|---|---|---|---|---|---|
| El ejemplar forma parte de la colección y puede ser consultado según las políticas vigentes. | Biblioteca Centro de Estudios Ruth D. Lechuga | Biblioteca Centro de Estudios Ruth D. Lechuga | 18/10/2013 | Au976 | NK3649.5 .V36 1980 (Au976) | GRL00917 | 22/03/2019 | 22/03/2019 | Libros |